<?xml version="1.0" encoding="UTF-8"?>
<collection xmlns="http://www.loc.gov/MARC21/slim">
 <record>
  <leader>01471nam a2200205Ia 4500</leader>
  <controlfield tag="001">CTU_136378</controlfield>
  <controlfield tag="008">210402s9999    xx            000 0 und d</controlfield>
  <datafield tag="082" ind1=" " ind2=" ">
   <subfield code="a">338.9</subfield>
  </datafield>
  <datafield tag="082" ind1=" " ind2=" ">
   <subfield code="b">O.38</subfield>
  </datafield>
  <datafield tag="100" ind1=" " ind2=" ">
   <subfield code="a">Ohno, Kenichi</subfield>
  </datafield>
  <datafield tag="245" ind1=" " ind2="0">
   <subfield code="a">Business Environment and policies of Hanoi</subfield>
  </datafield>
  <datafield tag="245" ind1=" " ind2="0">
   <subfield code="c">Edited by Kenichi Ohno and Nguyễn Văn Thường</subfield>
  </datafield>
  <datafield tag="260" ind1=" " ind2=" ">
   <subfield code="a">Hà Nội</subfield>
  </datafield>
  <datafield tag="260" ind1=" " ind2=" ">
   <subfield code="b">Social Labour</subfield>
  </datafield>
  <datafield tag="260" ind1=" " ind2=" ">
   <subfield code="c">2006</subfield>
  </datafield>
  <datafield tag="520" ind1=" " ind2=" ">
   <subfield code="a">On May 24, 2006, the Prime Minister signed Decision 113/2006/QD-TTg approving the Master Plan of Hanoi’s Industry to 2010, which stipulated the main industries of Hanoi to be electronics-information technology, mechanics, food and beverage processing, textiles, construction materials, and high-class interior decoration. Now, the concern seems to be how these targeted industries, through significant spill-over effects, create remarkable changes in the social and economic development of Hanoi. The report suggests that the government should concentrate on creating a favorable and friendly business environment with clear policy directions in order to attract a large amount of investment from both FDI and international financial institutions. All of this report hopes to help to sustain our researchers to complete this research with strength and energy.</subfield>
  </datafield>
  <datafield tag="650" ind1=" " ind2=" ">
   <subfield code="a">Chính sách kinh tế,Econimic Policy</subfield>
  </datafield>
  <datafield tag="650" ind1=" " ind2=" ">
   <subfield code="z">Việt Nam,Vietnam</subfield>
  </datafield>
  <datafield tag="904" ind1=" " ind2=" ">
   <subfield code="i">Trong Hieu</subfield>
  </datafield>
  <datafield tag="980" ind1=" " ind2=" ">
   <subfield code="a">Trung tâm Học liệu Trường Đại học Cần Thơ</subfield>
  </datafield>
 </record>
</collection>
